LEADER 01222nam0 2200277 4500 001 000031047 005 20161223120951.0 010 $a978-88-14-21341-0 100 $a20160826d2016----km-y0itay50------ba 101 0 $aita 102 $aIT 105 $ay-------001yy 200 1 $a<>notaio e le sue quattro responsabilit?$edisciplinare, civile, penale, amministrativo-contabile$fVito Tenore (a cura di)$gGiuseppe Celeste ... [et al.]$enormativa, giurisprudenza, dottrina, deontologia, fonti comunitarie 210 $aMilano$cGiuffr?$d2016 215 $aXIII, 737 p.$d25 cm 300 $aSegue: Appendice normativa 500 10$a<>notaio e le sue quattro responsabilitd?isciplinare, civile, penale, amministrativo-contabile$91395658 610 1 $aNotai$aResponsabilit? 676 $a346.45031$v22$9Diritto privato. Responsabilit ?civile di specifiche categorie di persona. Italia 702 1$aCeleste,$bGiuseppe$f<1959- > 702 1$aTenore,$bVito 801 0$aIT$bUNIPARTHENOPE$c20160826$gRICA$2UNIMARC 912 $a000031047 951 $a346-N/19$b46114$cNAVA1$d2016 996 $aNotaio e le sue quattro responsabilitd?isciplinare, civile, penale, amministrativo-contabile$91395658 997 $aUNIPARTHENOPE